| 000 | 00535nam a2200193Ia 4500 | ||
|---|---|---|---|
| 003 | GCL | ||
| 008 | 140319s9999 xx 000 0 aITALIAN d | ||
| 040 |
_aGCL / _cGCL |
||
| 082 | 0 | 4 |
_a491.7003 _bT O |
| 100 | 1 | _aTHOMPSON, DELLA | |
| 245 | 1 | 0 |
_aTHE OXFORD STARTER RUSSIAN DICTIONARY / _cTHOMPSON, DELLA |
| 260 |
_a[S.N] : _bOXFORD UNIVERSITY PRESS ، _c1997 |
||
| 300 | _a301 P | ||
| 650 | 0 | 4 | _aRUSSIAN LANGUAGE |
| 650 | 0 | 4 | _aDICTIONARIES |
| 650 | 0 | 4 | _aLANGUAGES |
| 650 | 0 | 4 | _aENGLISH LANGUAGE - DICTIONARIES |
| 942 |
_2ddc _cBK |
||
| 999 |
_c15725 _d15725 |
||